Diccionario de negocios. Inglés - Español. Español - Inglés: contabilidad, administración, finanzas, economía y mercadotecnia.

Bibliographic Details
Main Author: Urrutia R, Manuel.
Format: Section = Libro
Language:Undetermined
Spanish
Published: México Limusa 2000
Subjects:
LEADER 00645nam a2200193Ia 4500
008 240829s9999 xx 000 0 und d
020 |a 968-18-5482-9 
040 |a BIBLIOTECA-RUPAP Ref 413.1 U81 
041 |a spa 
082 |a Ref 413.1 U81 
100 1 |a Urrutia R, Manuel. 
245 1 0 |a Diccionario de negocios. Inglés - Español. Español - Inglés: contabilidad, administración, finanzas, economía y mercadotecnia. 
260 |a México  |b Limusa  |c 2000 
300 |a 394 p. :il. 
650 7 |a DICCIONARIO ESPECIALIZADO - NEGOCIOS 
650 7 |b  CONTABILIDAD, FINANZAS, ECONOMIA. I. Tít. 
942 |c BK  |2 ddc 
991 |a TEXTO 
999 |c 10299